000 08760nkc a22006137a 4500
001 85834
005 20260429113541.0
007 kh bo
008 260422s1960 sp ||||| |||| |0| i|spa d
040 _aM-RABA
_bspa
_cM-RABA
245 0 1 _a[Pintura española
_b: obras de pintores españoles en Estados Unidos]
_h[Material gráfico]
260 _c[ca. 1960]
300 _a14 fotografías
_b: impresión fotomecánica.
_c; 22,7 x 12,3 (medidas mínimas)
_c; 25,5 x 20,5 cm (medidas máximas)
500 0 0 _aConjunto de 14 fotografías de diferentes cuadros de pintores españoles que se conservan actualmente en diferentes museos en Estados Unidos. Todas las fotografías se encuentran manuscritas en el verso con anotaciones y comentarios, donde también se hace mención a historiadores como Elías Tormo, Hugo Kehrer o Manuel Gómez Moreno.
500 0 0 _aAnotaciones manuscritas a lápiz en el verso de la imagen: "Regalo de Mr Stevenson Scott, 680, 5ª Av. N. York. Col Kerringan. Procede del duque de Westminster" (Fot-767) ; "Portrair of a Musician by Jusepe de Ribera. The Toledo Museum of Art. Gift of Edward Drummond Libbey. Illustrated in Catalogue Stroganoff, Pieces de Choix. Exhibited in Metropolitan Museum, New York, 1928" (Fot-768); "1509, par Moya, SN. H 0,84 x 0,74. d 1509. J. Ribalta (yerno). Domotte en París?. 1929. Original de D. Manuel. Época F.VII" (Fot-770); "M. de Worcester. El coro firmado. D. Manuel no lo conoce al pronto. Lo publica E. Lafuente (ed. [Rastvor])" (Fot-771); "Mrs. Eugene McVay en Chicago. ¿Bme González?. La esposa de F.III; mal clasificado como la 2ª esposa de F.II por Sª Culle. Algo posterior al retrato reproducido por Tormo en las Descalzar Reales pás 197" (Fot-772); "Dada por Demotte en N.York, Febrero 1929" (Fot-773); "Velasco, Antonio Palomino. Spanish, 1653-1725. Vision of S. Domingo Guzman. V. el Coello de igualmente Ac. de S. Fernando" (Fot-774); "St. Sebastian. J. de Ribera. x-196" (Fot-775); "V. Mayer, Murillo (K. der K.)". Esta anotación hace referencia a los Klassiker der Kunst (K der K), una serie de libros de arte alemanes" (Fot-776); "A. Carthusian. Alfonso Cano. 242". Sello a tinta: "Pennsylvania Museum. Phila., PA." (Fot-777) ; "Reproducido abundante como también en el libro de Kehrer. Le parece (...) a D. Manuel" (Fot-778) ; "Spansih XVII. C. St Francisco Assisi" (Fot-779).
500 0 0 _aSello a tinta en el verso: "Worcester Art Museum" (Fot-769); "Frederick O. Bemm. Photographer. Art Institute-Chicago" (Fot-772); "The Art Institute of Chicago. Photograph Department" (Fot-774; Fot-779; Fot-780) ; "Pennsylvania Museum. Phila., PA." (Fot-777)
500 0 0 _aLas imágenes vas acompañadas de un sobre también con inscripciones manuscritas a lápiz: "Llevar este sobre a Gómez-Moreno"; "Ver cat. suelto (supuesto Cano)"; "Fotos de obras de varios pintores españoles en los Estados Unidos. (...)".
505 _a"Santa Rufina". Velázquez (Fot-767) -- "Maestro de Música". José Rivera (Fot-768) -- "The Cripple". Autor desconocido (Fot-769) -- "Retrato de Luis Tristán". Autor desconocido (Fot-770) -- "Cristo llevando la Cruz". Alonso Cano (Fot-771) -- "Margarita de Austria". Juan Pantoja (Fot-772) -- "Retrato de Señora". José Gutiérrez de la Vega y Carrizo (Fot-773) -- "Santo Domingo recibiendo el Rosario de manos de la Virgen". Autor desconocido (Fot-774) -- "San Sebastián curado por Santa Irene". Luca Giordano (Fot-775) -- "San Juan Evangelista". Autor desconocido (Fot-776) -- Sin identificar. Por las anotaciones en el reverso seguramente un retrato de un monje cartujo realizado por Alfonso Cano (Fot-777) -- "San Miguel Arcángel". Ignacio de Ries (Fot-778) -- "San Francisco de Asís". Autor desconocido (Fot-779) -- "La Asunción de la Virgen". El Greco (Fot-780).
610 2 7 _aWorcester Art Museum
_2embne
_918200
610 2 7 _aArt Institute of Chicago
_2embne
_95395
610 2 7 _aPennsylvania Museum of Art
_937019
651 7 _aEstados Unidos.
_954103
655 7 _aFotografías de obras de arte
_975675
852 _jFot-767; Fot-768; Fot-769; Fot-770; Fot-771; Fot-772; Fot-773; Fot-774; Fot-775; Fot-776; Fot-777; Fot-778; Fot-779; Fot-780
856 _uhttps://archivoybiblioteca.realacademiabellasartessanfernando.com/cgi-bin/koha/opac-retrieve-file.pl?id=fa25dfbf5d746172066ded6e9d328247
_yFot-767r
856 _uhttps://archivoybiblioteca.realacademiabellasartessanfernando.com/cgi-bin/koha/opac-retrieve-file.pl?id=dfb7544fb84304a9caa8066ddaf00018
_yFot-767v
856 _uhttps://archivoybiblioteca.realacademiabellasartessanfernando.com/cgi-bin/koha/opac-retrieve-file.pl?id=836c66d7e681cb3ef487148c2329a486
_yFot-768r
856 _uhttps://archivoybiblioteca.realacademiabellasartessanfernando.com/cgi-bin/koha/opac-retrieve-file.pl?id=d3b01244c5a045636da9b73acc35cd90
_yFot-768v
856 _uhttps://archivoybiblioteca.realacademiabellasartessanfernando.com/cgi-bin/koha/opac-retrieve-file.pl?id=480af033bc823b7513698eba164ee118
_yFot-769r
856 _uhttps://archivoybiblioteca.realacademiabellasartessanfernando.com/cgi-bin/koha/opac-retrieve-file.pl?id=e9f45c474ccb208817c66542695fe83f
_yFot-769v
856 _uhttps://archivoybiblioteca.realacademiabellasartessanfernando.com/cgi-bin/koha/opac-retrieve-file.pl?id=c7091dee7609c3d57ab22faeea9bdc03
_yFot-770r
856 _uhttps://archivoybiblioteca.realacademiabellasartessanfernando.com/cgi-bin/koha/opac-retrieve-file.pl?id=29f3a918e5047bffb6849ccf19153d57
_yFot-770v
856 _uhttps://archivoybiblioteca.realacademiabellasartessanfernando.com/cgi-bin/koha/opac-retrieve-file.pl?id=8c45ed8ce91952c453b537babb14dc59
_yFot-771r
856 _uhttps://archivoybiblioteca.realacademiabellasartessanfernando.com/cgi-bin/koha/opac-retrieve-file.pl?id=35664d029eea6232ee323779fb4de5f7
_yFot-771v
856 _uhttps://archivoybiblioteca.realacademiabellasartessanfernando.com/cgi-bin/koha/opac-retrieve-file.pl?id=15764485b1ec27511244a9ccb245d9d5
_yFot-772r
856 _uhttps://archivoybiblioteca.realacademiabellasartessanfernando.com/cgi-bin/koha/opac-retrieve-file.pl?id=f4202d295bc0b05c0698c6c9c88c94e5
_yFot-772v
856 _uhttps://archivoybiblioteca.realacademiabellasartessanfernando.com/cgi-bin/koha/opac-retrieve-file.pl?id=fce96b4dd3d1687265f95aa827d24499
_yFot-773r
856 _uhttps://archivoybiblioteca.realacademiabellasartessanfernando.com/cgi-bin/koha/opac-retrieve-file.pl?id=39e8ffb4c9b2391fccc8f3d5a0c87dc6
_yFot-773v
856 _uhttps://archivoybiblioteca.realacademiabellasartessanfernando.com/cgi-bin/koha/opac-retrieve-file.pl?id=b4217b8e99249675d527c7264896927d
_yFot-774r
856 _uhttps://archivoybiblioteca.realacademiabellasartessanfernando.com/cgi-bin/koha/opac-retrieve-file.pl?id=b9fb9b51cd32887dcab6236083d4d1f7
_yFot-774v
856 _uhttps://archivoybiblioteca.realacademiabellasartessanfernando.com/cgi-bin/koha/opac-retrieve-file.pl?id=070d19d9dbb5b3e6eb3b64a02756aaf6
_yFot-775r
856 _uhttps://archivoybiblioteca.realacademiabellasartessanfernando.com/cgi-bin/koha/opac-retrieve-file.pl?id=5a291c21121da89441b1eb6a25f75107
_yFot-775v
856 _uhttps://archivoybiblioteca.realacademiabellasartessanfernando.com/cgi-bin/koha/opac-retrieve-file.pl?id=b4939f6e708feef4f694fd9d41a6bc70
_yFot-776r
856 _uhttps://archivoybiblioteca.realacademiabellasartessanfernando.com/cgi-bin/koha/opac-retrieve-file.pl?id=fe724d449c3a83261fe6551288ab6068
_yFot-776v
856 _uhttps://archivoybiblioteca.realacademiabellasartessanfernando.com/cgi-bin/koha/opac-retrieve-file.pl?id=9852381cc1ad570c83c119959b402d1c
_yFot-777r
856 _uhttps://archivoybiblioteca.realacademiabellasartessanfernando.com/cgi-bin/koha/opac-retrieve-file.pl?id=2179529abe4aeaa547bacfbf6fe72fb5
_yFot-777v
856 _uhttps://archivoybiblioteca.realacademiabellasartessanfernando.com/cgi-bin/koha/opac-retrieve-file.pl?id=fc1d765d8404e61a18f692d797dd0e96
_yFot-778r
856 _uhttps://archivoybiblioteca.realacademiabellasartessanfernando.com/cgi-bin/koha/opac-retrieve-file.pl?id=b8122a16a87cc24593c4584cf59c1fc7
_yFot-778v
856 _uhttps://archivoybiblioteca.realacademiabellasartessanfernando.com/cgi-bin/koha/opac-retrieve-file.pl?id=95cd47b43eb7ee5fbfe10af8baac8963
_yFot-779r
856 _uhttps://archivoybiblioteca.realacademiabellasartessanfernando.com/cgi-bin/koha/opac-retrieve-file.pl?id=8cae389b2b83b8a1ef3f03a328239bbe
_yFot-779v
856 _uhttps://archivoybiblioteca.realacademiabellasartessanfernando.com/cgi-bin/koha/opac-retrieve-file.pl?id=e187e2b9e6a867c1834b1ea6b1c520b9
_yFot-780r
856 _uhttps://archivoybiblioteca.realacademiabellasartessanfernando.com/cgi-bin/koha/opac-retrieve-file.pl?id=fd6848a2474b6b15f931b6e6647e3a5e
_yFot-780v
942 _cFOTOGRAFÍA
_n0
999 _c85834
_d85834